| 000 | 00445nam a2200157Ia 4500 | ||
|---|---|---|---|
| 008 | 240729s9999 xx 000 0 und d | ||
| 022 | _a2710-2335 | ||
| 245 | 0 | _aEnumerative Combinatorics and Applications | |
| 260 | _aIsrael | ||
| 260 | _bUniversity of Haifa, Department of Mathematics | ||
| 650 | _a Mathematics | ||
| 650 | _aScience | ||
| 856 | _uhttps://doaj.org/toc/a9a716182a784544afa5738c6ba03b85 | ||
| 942 | _2ddc | ||
| 942 | _cDOAJEJ | ||
| 999 |
_c66403 _d66403 |
||
| 945 |
_a1 _bMadushi Gamage _c1 _dMadushi Gamage |
||